Quizzes
Events
Quiz Creation
Community
Videos
Private Events
Remove Ads
Sign In
Join for FREE
Feedback
Dark Mode
Quiz Categories
Sports
Geography
Music
Movies
Television
Just For Fun
Miscellaneous
History
Literature
Language
Science
Gaming
Entertainment
Religion
Holiday
For Kids
Quiz Lab
Recent
Popular Today
Quiz Kudos Today
Editor Picks
Curator Picks
Quizzes by...
Day
Popularity
Type
Ratings
Length
Year
Community
Subscriptions
Recent Discussions
Orange Saloon
Badges
Playlists
Quests
Create
Leaderboards
Showdown
Live 5
Trivia Bingo
Activity
Puzzle Library
Sporcle Events
Private Events
Virtual Trivia
Globe League
Become a Host
Pub Owners
SporcleCon
Opinionation
Our Games
Videos
Blog
Mobile Apps
Partnerships
Remove Ads and Go Orange
Feedback
Science
Computer
Plants
Astronomy
Chemistry
Elements
Math
Animal
Physics
Anatomy
Biology
Geology
General Science
Science
Computer
Plants
Astronomy
Chemistry
Elements
Math
Animal
Physics
Anatomy
Biology
Geology
General Science
Random Quiz
Search Sporcle
×
Quiz Lab
Quiz Lab
Science
Vocabulary
Type in answers that appear in a list
Type in answers that appear in a list
Classic
Best Score? Go Orange.
Vocabulary of the Scientific Method Stats
Can you name the key terms that relate to the scientific method?
By
mrhubbell
10m
26 Questions
1,368 Plays
1,368 Plays
1,368 Plays
Comments
Comments
Give Quiz Kudos
Give Quiz Kudos
-
- Ratings
hide this ad
Forced Order
Answers have to be entered in order
Answers have to be entered in order
Random Order
Randomize order of answers
Randomize order of answers
Replay
Link that replays current quiz
Next Quiz
Link to next quiz in quiz playlist
You Got
0%
They Got
Avg Score
60%
Avg Friend Score
Upgrade to see
Score Distribution
Jump to the score distribution portion of the page
Score
0/26
Timer
10:00
0
Plays Today
description
answer
% Correct
what km is the abbreviation for
kilometers
74.3%
what m is the abbreviation for
meters
73.8%
what cm is the abbreviation for
centimeters
73.5%
what mm is the abbreviation for
millimeters
73.2%
its formula is distance divided by time
speed
66.5%
a system of measurement used by all scientists (based on the number 10)
the metric system
65.6%
the SI prefix that means 1/
100
centi
65.3%
the SI prefix that means 1000
kilo
64.8%
the SI prefix that means 1/
1000
milli
62.6%
an explanation of what you think might happen in the future
prediction
62.1%
the use of your senses to gather information
observation
60.4%
an observation that does not use numbers to describe
qualitative observation
60.2%
a kind of variable that the scientist changes on purpose in an experiment
manipulated variable
59.1%
description
answer
% Correct
evidence gathered through observations (especially during experiments)
data
59.1%
a kind of variable that could change as a result of a purposeful change
responding variable
58.3%
an observation that uses numbers to describe
quantitative observation
58%
a kind of variable that the scientist has to make sure doesn't change during an experiment
controlled variable
56.8%
a desire for a certain outcome
bias
56.7%
an attitude of doubt
skepticism
56%
the steps scientists use to create explanations based on the evidence they gather
scientific method
55.8%
an aspect of an experiment that is able to change
variable
55.6%
a relationship that explains a series of observations (and it must be testable)
hypothesis
54.2%
a well-
tested explanation for a wide range of ideas or results
scientific theory
49.8%
a metaphor to remind scientists that a procedure must be very clear and detailed
Steel Door Test
49%
a quick explanation of what you observe (that you might assume is true)
inference
47.5%
understanding basic scientific terms and principles
scientific literacy
46.1%
Quiz Playlist
Details
Report
Send in Message
Add To Playlist
Classic:
Type in answers that appear in a list
Forced Order:
Answers have to be entered in order
Random Order:
Randomize order of answers
Quiz Source
Last Updated: Feb 16, 2017
Quiz Scoreboard
CHALLENGE
Sign Up to Join the Scoreboard
Show All
Scores
Hide
Comments
May contain spoilers
Recently Published
An Introduction to Baseball
by treessimontrees
Sports
5m
Movies - When Are They Set?
by FPL_Elf
Movies
5m
Popular People in 1961
by mucciniale
History
6m
More to Explore
Quiz From the Vault
Featured Blog Post
Where Did the Easter Bunny Come From?
hide this ad
You Might Also Like...
Tags
Vocabulary Quiz
description
Key
method
relate
Term
Today's Top Quizzes in Science
Browse Science
hide this ad
Today's Top Quizzes in Vocabulary
Browse Vocabulary
Top Contributed Quizzes in Science
1
Quick Pick: 'CI-CJ' Animals
2
Quick Pick: Radians
3
Elements In Images
4
One Thing in Common: Science
5
One Thing in Common: Science III
6
Count to 60
7
One Thing in Common: Science II
8
One Thing in Common: Animals
9
Square Numbers Scrambled (1-50)
10
Order Up: Organs and Body Systems
Explore More
Trending Topics
Crossword
Kpop
NBA
Disney
Harry Potter
Marvel
Anime
WWE
Country
NFL
Pokémon
Puzzle
The Office
Song
Soccer
hide this ad
More By:
mrhubbell
Quiz
Plays
Rating
Category
Featured
Created
Reproductive Systems
3,522
3.33
Science
May 17, 2010
Vocabulary of the Scientific Method
1,368
2.00
Science
Sep 13, 2010
Fundamentals of Earth Science
1,193
4.00
Science
Apr 7, 2010
Make a Fraction from a Rational Decimal
863
2.64
Science
Apr 7, 2010
Designing an Experiment
720
3.33
Science
Sep 27, 2010
Go to Creator's Profile
Score Distribution
Quiz Creator Spotlight
mrhubbell
Follow
Send a Message
Quizzes Created
-
Created Quiz Play Count
-
More By This Creator
Popular Quizzes Today
1
Find the Countries of Europe - No Outlines Minefield
2
Find the US States - No Outlines Minefield
3
The Countries of the World
4
Popular People in 1961
5
Find the US States
6
US States
7
1-10 Letter E Words III
8
Risky Map Clicking: Biggest States A-Z
More Science Quizzes
Black & White Animals
Published
Trending Quizzes
Risky Map Clicking: Least Populous States A-Z
1-10 Letter F Words
1-10 Letter G Words
Not Quite an Element Typing Challenge
One Thing in Common: United Kingdom
Recently Updated
Leaping Animals
pecheneg
Reality TV Shows (A-Z)
bhenderson79
Rickey Henderson's Hall of Fame Teammates
pecheneg
Champions League XIs: Arsenal
pecheneg
Quick Pick: Celebrities in WWE's Hall of Fame
aduchscher
A-Z Keypad Blitz II
pecheneg
Multiple Oscar Actors
pecheneg
Mystery Phrase Blitz: Oscar 'Best Actors'
pecheneg
F. Scott Fitzgerald Novels
LTH
Pick 3 Villains
ddd62291
Trending Topics
Marvel
Harry Potter
Disney
Crossword
NBA
Kpop
Anime
Song
Country
NFL
WWE
The Office
Soccer
Puzzle
Pokémon
Your Account Isn't Verified!
In order to create a playlist on Sporcle, you need to verify the email address you used during registration. Go to your
Sporcle Settings
to finish the process.
Report this User
Report this user for behavior that violates our
Community Guidelines
.
Details:
Send Report
Go to the Sporcle.com Mobile Site →
Comments